Morbid appearances : (Record no. 869)

000 -LEADER
fixed length control field 01649nam a22004337a 4500
001 - CONTROL NUMBER
control field 2880343
003 - CONTROL NUMBER IDENTIFIER
control field OSt
005 - DATE AND TIME OF LATEST TRANSACTION
control field 20210426094909.0
008 - FIXED-LENGTH DATA ELEMENTS--GENERAL INFORMATION
fixed length control field 870105s1987 enka b 001 0 eng c
010 ## - LIBRARY OF CONGRESS CONTROL NUMBER
LC control number 86034347
020 ## - INTERNATIONAL STANDARD BOOK NUMBER
International Standard Book Number 0521328284
040 ## - CATALOGING SOURCE
Original cataloging agency DNLM/DLC
Transcribing agency DLC
Modifying agency eng
Language of cataloging eng
041 ## - LANGUAGE CODE
Language code of text/sound track or separate title eng
043 ## - GEOGRAPHIC AREA CODE
Geographic area code e-fr---
-- e-uk---
050 00 - LIBRARY OF CONGRESS CALL NUMBER
Classification number RB25
Item number .M36 1987
060 ## - NATIONAL LIBRARY OF MEDICINE CALL NUMBER
Classification number QZ 11 GF7 M44m
080 ## - UNIVERSAL DECIMAL CLASSIFICATION NUMBER
Universal Decimal Classification number 61 (09)
Item number M-41
082 00 - DEWEY DECIMAL CLASSIFICATION NUMBER
Classification number 616.07/09034
Edition number 19
100 1# - MAIN ENTRY--PERSONAL NAME
Personal name Maulitz, Russell Charles,
Dates associated with a name 1944-
245 10 - TITLE STATEMENT
Title Morbid appearances :
Remainder of title the anatomy of pathology in the early nineteenth century /
Statement of responsibility, etc. / by: Cambridge University Press
260 ## - PUBLICATION, DISTRIBUTION, ETC.
Place of publication, distribution, etc. Cambridge ;
-- New York :
Name of publisher, distributor, etc. Cambridge University Press
Date of publication, distribution, etc. 1987.
300 ## - PHYSICAL DESCRIPTION
Extent ix, 277 p. :
Other physical details ill. ;
Dimensions 24 cm.
440 #0 - SERIES STATEMENT/ADDED ENTRY--TITLE
Title Cambridge history of medicine
500 ## - GENERAL NOTE
General note Includes index.
504 ## - BIBLIOGRAPHY, ETC. NOTE
Bibliography, etc. note Bibliography: p. [265]-273.
650 #0 - SUBJECT ADDED ENTRY--TOPICAL TERM
Topical term or geographic name entry element Anatomy, Pathological
Geographic subdivision France
General subdivision History
Chronological subdivision 19th century.
650 #0 - SUBJECT ADDED ENTRY--TOPICAL TERM
Topical term or geographic name entry element History of Medicine
9 (RLIN) 335
650 #0 - SUBJECT ADDED ENTRY--TOPICAL TERM
Topical term or geographic name entry element Anatomy, Pathological
Geographic subdivision Great Britain
General subdivision History
Chronological subdivision 19th century.
650 #2 - SUBJECT ADDED ENTRY--TOPICAL TERM
Topical term or geographic name entry element Pathology
General subdivision history
Geographic subdivision France.
650 #2 - SUBJECT ADDED ENTRY--TOPICAL TERM
Topical term or geographic name entry element Pathology
General subdivision history
Geographic subdivision Great Britain.
653 ## - INDEX TERM--UNCONTROLLED
Uncontrolled term მედიცინის ისტორია
653 ## - INDEX TERM--UNCONTROLLED
Uncontrolled term ანატომია
653 ## - INDEX TERM--UNCONTROLLED
Uncontrolled term პათოლოგია
856 41 - ELECTRONIC LOCATION AND ACCESS
Materials specified Sample text
Uniform Resource Identifier <a href="http://www.loc.gov/catdir/samples/cam031/86034347.html">http://www.loc.gov/catdir/samples/cam031/86034347.html</a>
856 41 - ELECTRONIC LOCATION AND ACCESS
Materials specified Table of contents
Uniform Resource Identifier <a href="http://www.loc.gov/catdir/toc/cam031/86034347.html">http://www.loc.gov/catdir/toc/cam031/86034347.html</a>
856 42 - ELECTRONIC LOCATION AND ACCESS
Materials specified Publisher description
Uniform Resource Identifier <a href="http://www.loc.gov/catdir/description/cam023/86034347.html">http://www.loc.gov/catdir/description/cam023/86034347.html</a>
906 ## - LOCAL DATA ELEMENT F, LDF (RLIN)
a 7
b cbc
c orignew
d 1
e ocip
f 19
g y-gencatlg
942 ## - ADDED ENTRY ELEMENTS (KOHA)
Source of classification or shelving scheme
Koha item type Books
Holdings
Withdrawn status Lost status Source of classification or shelving scheme Damaged status Not for loan Permanent location Current location Date acquired Inventory number Total Checkouts Full call number Barcode Date last seen Price effective from Koha item type
          Ken Walker International University Ken Walker International University 12/29/2020 2364   61 (09) M-41 2364 12/29/2020 12/29/2020 Books

Powered by Koha